[Event "LUCOPEN 01st Op"]
[Site "Lille"]
[Date "2010.??.??"]
[Round "4.17"]
[White "Laine, Panu"]
[Black "Manet, Anthony"]
[Result "1-0"]
[WhiteElo "2203"]
[BlackElo "1776"]
[PlyCount "37"]
[EventDate "2010.04.??"]
[EventType "swiss"]
[EventRounds "7"]
[EventCountry "FRA"]
[WhiteTeamCountry "FRA"]
[BlackTeamCountry "FRA"]

1. e4 e5 2. Nf3 Nc6 3. Bb5 d6 4. d4 exd4 5. Nxd4 Bd7 6. Bxc6 Bxc6 7. Nxc6 bxc6
8. c4 Nf6 9. Nc3 Qd7 10. O-O g6 11. Re1 Be7 12. Bh6 Ng4 13. Bg7 Rg8 14. Bd4 c5
15. Be3 Nxe3 16. Rxe3 h5 17. e5 O-O-O 18. Qf3 Kb8 19. Nd5 1-0

[Event "Championnat de Ligue Individuel"]
[Site "Vendin les Bethune"]
[Date "2010.??.??"]
[Round "5.8"]
[White "Lambert, Rene"]
[Black "Bougel, Claude"]
[Result "0-1"]
[WhiteElo "1707"]
[BlackElo "1821"]
[PlyCount "62"]
[EventDate "2008.??.??"]
[EventType "swiss"]
[EventRounds "7"]
[EventCountry "FRA"]
[WhiteTeamCountry "FRA"]
[BlackTeamCountry "FRA"]

1. d4 Nf6 2. g3 e6 3. Bg2 c5 4. Nf3 Nc6 5. O-O d5 6. c3 cxd4 7. Nxd4 Be7 8. Nd2
O-O 9. N2b3 e5 10. Nxc6 bxc6 11. Qc2 Be6 12. Be3 Nd7 13. Rfd1 a5 14. a4 Rb8 15.
Nd2 Qc7 16. Nf3 h6 17. Rdc1 Rb7 18. Bd2 Rfb8 19. b4 Bf6 20. Nh4 e4 21. f4 exf3
22. Nxf3 axb4 23. Bf4 Qb6+ 24. e3 Ra8 25. Nd4 b3 26. Qb2 Nc5 27. a5 Rxa5 28.
Rxa5 Qxa5 29. Ra1 Nd3 30. Nxb3 Rxb3 31. Rxa5 Rxb2 0-1

[Event "Championnat de Ligue Individuel"]
[Site "Vendin les Bethune"]
[Date "2010.??.??"]
[Round "4.11"]
[White "Lambert, Rene"]
[Black "Duflou, Andre"]
[Result "1-0"]
[WhiteElo "1707"]
[BlackElo "1590"]
[PlyCount "203"]
[EventDate "2008.??.??"]
[EventType "swiss"]
[EventRounds "7"]
[EventCountry "FRA"]
[WhiteTeamCountry "FRA"]
[BlackTeamCountry "FRA"]

1. d4 Nf6 2. c4 c5 3. Nf3 d6 4. g3 Nc6 5. d5 Nb4 6. a3 Qa5 7. Nc3 Na6 8. Bd2
Bd7 9. Bg2 Qb6 10. Qc2 g6 11. Na4 Qc7 12. Nc3 Bg7 13. O-O O-O 14. e4 Rae8 15.
Rfe1 Ng4 16. Rac1 Nb8 17. b4 cxb4 18. Nb1 bxa3 19. Qb3 b6 20. Nxa3 Na6 21. Nb5
Bxb5 22. cxb5 Nc5 23. Qc4 Rc8 24. Bh3 Qd7 25. Qe2 h5 26. Ng5 Nb3 27. Rxc8 Qxc8
28. f3 Qc5+ 29. Kg2 Ne5 30. Be3 Qc4 31. Qxc4 Nxc4 32. Bd7 Nc5 33. Bc6 a5 34.
bxa6 Nxa6 35. Bg1 Nc5 36. Re2 Rc8 37. Ra2 Na5 38. Bb5 Rc7 39. Be3 Bf6 40. Nh3
Kf8 41. Ng1 Bg7 42. Ne2 Ncb3 43. Bxb6 Rb7 44. Bxa5 Rxb5 45. Bd2 Rb8 46. Be3 Ke8
47. Ra7 Kd8 48. Bg5 f6 49. Bf4 Bf8 50. h4 Nc5 51. Nd4 Rb2+ 52. Kh3 Rb8 53. Nc6+
Kc8 54. Nxe7+ Bxe7 55. Rxe7 Rb2 56. g4 Nd3 57. Bg3 Rb1 58. gxh5 gxh5 59. Bxd6
Nf2+ 60. Kg3 Nd3 61. Rf7 Rg1+ 62. Kh2 Rg6 63. Bg3 Nc1 64. Ra7 Ne2 65. Bf2 Nf4
66. Kh1 Nh3 67. Ra2 Nf4 68. Be3 Nd3 69. Rg2 Rxg2 70. Kxg2 Kd7 71. f4 Ke7 72. f5
Kd6 73. Kf3 Ne5+ 74. Kg3 Ng4 75. Bf4+ Kd7 76. d6 Kc6 77. Kf3 Kd7 78. Ke2 Kc6
79. Kd3 Nf2+ 80. Kd4 Ng4 81. e5 fxe5+ 82. Bxe5 Kd7 83. Ke4 Nh6 84. Bg7 Nf7 85.
Be5 Nh6 86. Kf4 Nf7 87. Ke4 Nh6 88. Bf4 Nf7 89. Kd5 Nd8 90. Bg5 Nf7 91. Be7 Nh6
92. f6 Nf7 93. Ke4 Ke6 94. Kf4 Ne5 95. Kg5 Kf7 96. Kxh5 Nd7 97. Kg5 Ne5 98. h5
Ke8 99. h6 Kd7 100. h7 Ke6 101. Kh6 Nf7+ 102. Kg7 1-0

[Event "Open International d'Ambès 2010"]
[Site "Ambes"]
[Date "2010.??.??"]
[Round "5.16"]
[White "Lambert, Robert"]
[Black "Gallice, Francois"]
[Result "0-1"]
[WhiteElo "1811"]
[BlackElo "1861"]
[PlyCount "78"]
[EventDate "2010.04.??"]
[EventType "swiss"]
[EventRounds "9"]
[EventCountry "FRA"]
[WhiteTeamCountry "FRA"]
[BlackTeamCountry "FRA"]

1. e4 c5 2. Nf3 d6 3. d4 cxd4 4. Nxd4 Nf6 5. Nc3 g6 6. Be3 Bg7 7. f3 Nbd7 8.
Qd2 h5 9. O-O-O a6 10. Be2 Ne5 11. h3 Bd7 12. f4 Nc6 13. Nxc6 Bxc6 14. Bf3 Qc7
15. Qf2 Nd7 16. Nd5 Bxd5 17. Rxd5 Rc8 18. Rhd1 Nf6 19. R5d3 Qa5 20. Ra3 Qb5 21.
e5 dxe5 22. Rb3 Qc4 23. Bxb7 O-O 24. Bxc8 Ne4 25. Qf3 Rxc8 26. c3 f5 27. Kb1 a5
28. fxe5 Bxe5 29. Qf1 Qc6 30. Bd4 Bd6 31. Qd3 a4 32. Rb5 a3 33. bxa3 Bxa3 34.
Rb6 Nxc3+ 35. Qxc3 Qe4+ 36. Ka1 Rxc3 37. Bxc3 Qc2 38. Rxg6+ Kh7 39. Rg7+ Kh6
0-1

[Event "Open International d'Ambès 2010"]
[Site "Ambes"]
[Date "2010.??.??"]
[Round "2.14"]
[White "Lambert, Robert"]
[Black "Mamah, Isabelle"]
[Result "1/2-1/2"]
[WhiteElo "1811"]
[BlackElo "1786"]
[PlyCount "45"]
[EventDate "2010.04.??"]
[EventType "swiss"]
[EventRounds "9"]
[EventCountry "FRA"]
[WhiteTeamCountry "FRA"]
[BlackTeamCountry "FRA"]

1. e4 c5 2. Nf3 Nc6 3. d4 cxd4 4. Nxd4 g6 5. Nc3 Bg7 6. Be3 Nf6 7. Be2 O-O 8.
Qd2 d5 9. f3 dxe4 10. fxe4 Nxd4 11. Qxd4 Ng4 12. Qxd8 Rxd8 13. Bc5 Bxc3+ 14.
bxc3 b6 15. Bxe7 Re8 16. Bg5 Rxe4 17. Kd2 Re8 18. Bf3 Rb8 19. Rae1 Bf5 20.
Rxe8+ Rxe8 21. h3 Nf2 22. Re1 Rxe1 23. Kxe1 1/2-1/2

[Event "Open International d'Ambès 2010"]
[Site "Ambes"]
[Date "2010.??.??"]
[Round "7.22"]
[White "Lambert, Robert"]
[Black "Teyssier, Jean Paul"]
[Result "1-0"]
[WhiteElo "1811"]
[BlackElo "1724"]
[PlyCount "83"]
[EventDate "2010.04.??"]
[EventType "swiss"]
[EventRounds "9"]
[EventCountry "FRA"]
[WhiteTeamCountry "FRA"]
[BlackTeamCountry "FRA"]

1. e4 c5 2. Nf3 d6 3. d4 cxd4 4. Nxd4 Nf6 5. Nc3 g6 6. Be3 Nc6 7. Be2 Ne5 8. f3
Bd7 9. Qd2 Rc8 10. h4 h5 11. O-O-O Bg7 12. Rhg1 Nc4 13. Bxc4 Rxc4 14. Nd5 Nxd5
15. exd5 Qb6 16. Nb3 Rxc2+ 17. Qxc2 Qxe3+ 18. Qd2 Bh6 19. Qxe3 Bxe3+ 20. Kb1
Bxg1 21. Rxg1 Bf5+ 22. Kc1 Kd7 23. Nd4 Bd3 24. b3 e5 25. Kd2 Ba6 26. Nc2 b6 27.
Ne3 f5 28. g3 Rg8 29. f4 e4 30. Kc3 Rc8+ 31. Kd4 Bd3 32. Re1 Rc5 33. b4 Rb5 34.
a3 a5 35. Kc3 Kd8 36. Rd1 Kd7 37. Rd2 Kc7 38. Rxd3 axb4+ 39. axb4 exd3 40. Kc4
Rc5+ 41. bxc5 bxc5 42. Kxd3 1-0

[Event "Condom op 10th"]
[Site "Condom"]
[Date "2010.??.??"]
[Round "3.9"]
[White "Lanteri, Nicolas"]
[Black "Favarel, Antoine"]
[Result "0-1"]
[WhiteElo "1993"]
[BlackElo "2244"]
[PlyCount "58"]
[EventDate "2010.07.??"]
[EventType "swiss"]
[EventRounds "9"]
[EventCountry "FRA"]
[WhiteTeamCountry "FRA"]
[BlackTeamCountry "FRA"]

1. e4 c5 2. Nf3 Nc6 3. d4 cxd4 4. Nxd4 Nf6 5. Nc3 e5 6. Ndb5 d6 7. Bg5 a6 8.
Na3 b5 9. Nd5 Be7 10. Bxf6 Bxf6 11. c3 O-O 12. Nc2 Rb8 13. Ncb4 Nxb4 14. Nxb4
Bb7 15. Bd3 a5 16. Nc2 d5 17. Qe2 dxe4 18. Bxb5 Qb6 19. a4 Bg5 20. O-O f5 21.
Na3 f4 22. Nc4 Qf6 23. Rad1 f3 24. gxf3 Bf4 25. fxe4 Bxh2+ 26. Kh1 Bf4 27. f3
Qh6+ 28. Kg1 Rf6 29. Rf2 Rg6+ 0-1

[Event "Condom op 10th"]
[Site "Condom"]
[Date "2010.??.??"]
[Round "6.7"]
[White "Lanteri, Nicolas"]
[Black "Houard, Yannick"]
[Result "1-0"]
[WhiteElo "1993"]
[BlackElo "2238"]
[PlyCount "81"]
[EventDate "2010.07.??"]
[EventType "swiss"]
[EventRounds "9"]
[EventCountry "FRA"]
[WhiteTeamCountry "FRA"]
[BlackTeamCountry "FRA"]

1. e4 d6 2. f4 Nd7 3. Nf3 e5 4. Bc4 Be7 5. O-O Ngf6 6. d3 O-O 7. Nc3 c6 8. a4
a5 9. Kh1 exf4 10. Bxf4 Nc5 11. Ba2 Be6 12. Nd4 Bxa2 13. Rxa2 Ne6 14. Nce2 d5
15. e5 Nh5 16. Nf5 Nhxf4 17. Nxf4 Nxf4 18. Rxf4 g6 19. Qg4 Bg5 20. Rf3 h5 21.
Qg3 Kh7 22. h4 Bh6 23. Nd6 Qe7 24. Rf6 Bg7 25. Qf4 Bxf6 26. exf6 Qd7 27. c4
dxc4 28. dxc4 Rad8 29. Ne4 Qg4 30. Qxg4 hxg4 31. b3 Rfe8 32. Ng5+ Kg8 33. Kh2
Rd3 34. Rc2 c5 35. Rb2 b6 36. Rc2 Re1 37. Rb2 Ree3 38. Rc2 Kf8 39. Nh7+ Ke8 40.
Ng5 Rd6 41. Rf2 1-0

[Event "Condom op 10th"]
[Site "Condom"]
[Date "2010.??.??"]
[Round "1.32"]
[White "Lanteri, Nicolas"]
[Black "Lassis, Patrick"]
[Result "1-0"]
[WhiteElo "1993"]
[BlackElo "1684"]
[PlyCount "27"]
[EventDate "2010.07.??"]
[EventType "swiss"]
[EventRounds "9"]
[EventCountry "FRA"]
[WhiteTeamCountry "FRA"]
[BlackTeamCountry "FRA"]

1. e4 d5 2. exd5 Nf6 3. Bb5+ c6 4. dxc6 bxc6 5. Bc4 Qd4 6. Qe2 Bf5 7. Nf3 Qb6
8. Ne5 e6 9. g4 Bxc2 10. Nxf7 Kxf7 11. Qxe6+ Kg6 12. Qf7+ Kh6 13. d3+ g5 14.
Qxf6# 1-0

[Event "Open International d'Ambès 2010"]
[Site "Ambes"]
[Date "2010.??.??"]
[Round "?"]
[White "Lapeyre, Pierre"]
[Black "Okhotnik, Vladimir"]
[Result "0-1"]
[WhiteElo "2103"]
[BlackElo "2458"]
[PlyCount "56"]
[EventDate "2010.04.??"]
[EventType "swiss"]
[EventRounds "9"]
[EventCountry "FRA"]
[WhiteTeamCountry "FRA"]
[BlackTeamCountry "FRA"]

1. f4 Nh6 2. Nf3 d5 3. g3 g6 4. Bg2 Bg7 5. O-O c5 6. c3 d4 7. d3 Nc6 8. e4 dxe3
9. Bxe3 Qb6 10. Qe2 Ng4 11. Bc1 Bf5 12. Kh1 Rd8 13. Ne1 h5 14. h3 c4 15. d4 h4
16. gxh4 Rxh4 17. Qxc4 Nf6 18. Nf3 Be6 19. Qe2 Rh5 20. Ng5 Bg4 21. Qc4 e6 22.
Re1 Nh7 23. Qd3 Nxg5 24. fxg5 Bxh3 25. Bxh3 Nxd4 26. cxd4 Rxd4 27. Qb3 Rg4 28.
Qf3 Rgh4 0-1

[Event "Open International d'Ambès 2010"]
[Site "Ambes"]
[Date "2010.??.??"]
[Round "7.17"]
[White "Laric, Emilie"]
[Black "Cazeaux, Didier"]
[Result "0-1"]
[WhiteElo "1533"]
[BlackElo "1864"]
[PlyCount "53"]
[EventDate "2010.04.??"]
[EventType "swiss"]
[EventRounds "9"]
[EventCountry "FRA"]
[WhiteTeamCountry "FRA"]
[BlackTeamCountry "FRA"]

1. d4 f5 2. c4 Nf6 3. e3 g6 4. Nc3 Bg7 5. Nf3 d6 6. Be2 O-O 7. O-O Qe8 8. Qc2
e5 9. dxe5 dxe5 10. e4 Nc6 11. Be3 h6 12. a3 Ng4 13. Bd2 Nd4 14. Qd3 fxe4 15.
Qxe4 Bf5 16. Qd5+ Be6 17. Qe4 Nb3 18. Rad1 Nc5 19. Qb1 Bf5 20. Qa2 e4 21. Ne1
Nxf2 22. Be3 Nxd1 23. Bxd1 Bxc3 24. Qb3 Qd7 25. Bc2 Bd4 26. Bxd4 Qxd4+ 27. Kh1
0-1

[Event "Open International d'Ambès 2010"]
[Site "Ambes"]
[Date "2010.??.??"]
[Round "5.22"]
[White "Laric, Emilie"]
[Black "Dubertrand, Bernard"]
[Result "1-0"]
[WhiteElo "1533"]
[BlackElo "1647"]
[PlyCount "141"]
[EventDate "2010.04.??"]
[EventType "swiss"]
[EventRounds "9"]
[EventCountry "FRA"]
[WhiteTeamCountry "FRA"]
[BlackTeamCountry "FRA"]

1. d4 e5 2. d5 e4 3. e3 f5 4. Nc3 Nf6 5. Bc4 Bb4 6. Nge2 d6 7. O-O Nbd7 8. Nd4
Ne5 9. Bb5+ Bd7 10. Bxd7+ Qxd7 11. Ne6 c6 12. Nf4 Bxc3 13. bxc3 g5 14. dxc6
bxc6 15. Ne2 Rb8 16. Ba3 Ke7 17. Qd4 Rb5 18. c4 c5 19. Qc3 Rb7 20. Rad1 Qa4 21.
Bxc5 Nxc4 22. Bxd6+ Ke6 23. Bc5 Rc8 24. Bd4 Nd5 25. Qe1 Qxc2 26. Rc1 Qxa2 27.
Nc3 Qa5 28. Nxd5 Qxe1 29. Rfxe1 Kxd5 30. Ra1 a5 31. Red1 Ke6 32. f3 exf3 33.
gxf3 Ra8 34. Ra4 Rb5 35. Rxc4 a4 36. Ra1 a3 37. Ra2 Rb3 38. Rc3 Rb2 39. Raxa3
Rxa3 40. Rxa3 Rc2 41. Ra7 h5 42. Rh7 Rc1+ 43. Kg2 Rc2+ 44. Kh3 g4+ 45. fxg4
hxg4+ 46. Kg3 Ra2 47. Rh6+ Kd5 48. Rh8 Ke4 49. Re8+ Kd3 50. Re5 f4+ 51. Kxf4
Rxh2 52. Kxg4 Rf2 53. Rf5 Re2 54. Kf4 Ra2 55. Rd5 Rf2+ 56. Ke5 Rh2 57. Bb6+ Kc4
58. Rc5+ Kd3 59. Rd5+ Kc4 60. Rd4+ Kb5 61. Bc7 Kc6 62. Bd6 Rh5+ 63. Ke6 Rh6+
64. Ke7 Rh7+ 65. Kf8 Rh8+ 66. Kg7 Rd8 67. Kf6 Rxd6+ 68. Rxd6+ Kxd6 69. e4 Kd7
70. e5 Kd8 71. Kf7 1-0

[Event "Condom op 10th"]
[Site "Condom"]
[Date "2010.??.??"]
[Round "1.2"]
[White "Lavole, Olivier"]
[Black "Albareil, Raymond"]
[Result "1-0"]
[WhiteElo "1760"]
[BlackElo "1532"]
[PlyCount "103"]
[EventDate "2010.07.??"]
[EventType "swiss"]
[EventRounds "9"]
[EventCountry "FRA"]
[WhiteTeamCountry "FRA"]
[BlackTeamCountry "FRA"]

1. e4 c5 2. Nf3 d6 3. d4 cxd4 4. Nxd4 Nf6 5. Nc3 a6 6. Bg5 e6 7. Bc4 Be7 8. Bb3
O-O 9. Qf3 e5 10. Nf5 Bxf5 11. exf5 Nc6 12. Be3 Qa5 13. O-O-O Qb4 14. a3 Qg4
15. Qxg4 Nxg4 16. Bb6 Nh6 17. Nd5 Bd8 18. f6 Bxb6 19. fxg7 Kxg7 20. Nxb6 Rad8
21. c3 Rfe8 22. h3 f5 23. Rd2 Nf7 24. Rhd1 Na5 25. Ba2 e4 26. Bxf7 Kxf7 27.
Rxd6 Rxd6 28. Rxd6 Re6 29. Rd7+ Ke8 30. b4 Rxb6 31. bxa5 Kxd7 32. axb6 Kc6 33.
Kd2 f4 34. g4 e3+ 35. fxe3 f3 36. h4 Kxb6 37. h5 Kc6 38. g5 Kd7 39. g6 hxg6 40.
hxg6 f2 41. Ke2 f1=Q+ 42. Kxf1 Ke7 43. Ke2 Kf6 44. Kd3 Kxg6 45. Kd4 Kf6 46. Kd5
b5 47. e4 Ke7 48. e5 Kd7 49. Kc5 Ke6 50. Kb6 Kxe5 51. Kxa6 Kd5 52. Kxb5 1-0

[Event "Condom op 10th"]
[Site "Condom"]
[Date "2010.??.??"]
[Round "5.10"]
[White "Le Bail, Clara"]
[Black "Velten, Paul"]
[Result "0-1"]
[WhiteElo "2061"]
[BlackElo "2222"]
[PlyCount "80"]
[EventDate "2010.07.??"]
[EventType "swiss"]
[EventRounds "9"]
[EventCountry "FRA"]
[WhiteTeamCountry "FRA"]
[BlackTeamCountry "FRA"]

1. e4 e6 2. d4 d5 3. exd5 exd5 4. Bf4 Nf6 5. Nf3 Bg4 6. c3 Bd6 7. Bxd6 Qxd6 8.
Be2 Nbd7 9. O-O O-O-O 10. Nbd2 Rhe8 11. Re1 Qf4 12. Nf1 Ne4 13. Qc1 Qd6 14. Ne3
h5 15. h3 Be6 16. c4 g5 17. c5 Qf4 18. c6 Nb8 19. cxb7+ Kxb7 20. Nf1 Qf6 21.
Qe3 g4 22. hxg4 hxg4 23. N3h2 Rh8 24. Bd3 Nc6 25. Bxe4 dxe4 26. Qxe4 Bd5 27.
Qe3 Nxd4 28. Qe5 Qb6 29. Rad1 Bc6 30. Ne3 f6 31. Qf4 g3 32. Qxg3 Rdg8 33. Qf4
Nc2 34. Nxc2 Rxg2+ 35. Kf1 Qb5+ 36. Re2 Rhxh2 37. Qd4 Qb6 38. Qxf6 Qa5 39. Red2
Rh1+ 40. Ke2 Qh5+ 0-1

[Event "Open International d'Ambès 2010"]
[Site "Ambes"]
[Date "2010.??.??"]
[Round "7.4"]
[White "Le Hetet, Nicolas"]
[Black "Piankov, Evgenij"]
[Result "0-1"]
[WhiteElo "2149"]
[BlackElo "2337"]
[PlyCount "94"]
[EventDate "2010.04.??"]
[EventType "swiss"]
[EventRounds "9"]
[EventCountry "FRA"]
[WhiteTeamCountry "FRA"]
[BlackTeamCountry "FRA"]

1. e4 c6 2. d4 d5 3. e5 Bf5 4. h4 h5 5. c4 e6 6. Nc3 Nd7 7. cxd5 cxd5 8. Nge2
Ne7 9. Ng3 Bg6 10. Bd3 Bxd3 11. Qxd3 Nc6 12. Nge2 a6 13. Bg5 Be7 14. f4 g6 15.
Kf2 Rc8 16. Rac1 Rg8 17. Na4 Qa5 18. Qb3 b5 19. Bxe7 Kxe7 20. Qa3+ b4 21. Qb3
Qb5 22. Nc5 Qxe2+ 23. Kxe2 Nxd4+ 24. Kd3 Nxb3 25. Nxb3 f6 26. exf6+ Kxf6 27.
Rhf1 Ke7 28. Na5 Rgf8 29. g3 Nc5+ 30. Ke3 Kd7 31. Rfd1 Na4 32. Rxc8 Rxc8 33.
Rd4 Rc5 34. Nb3 Rc4 35. Rd2 Kd6 36. Nd4 Nc5 37. Nf3 Nd7 38. Ng5 Rc1 39. Kf2 Ra1
40. b3 Nc5 41. Kf3 Rc1 42. Nf7+ Ke7 43. Ne5 Rc3+ 44. Kg2 Ne4 45. Rd4 a5 46.
Nxg6+ Kf6 47. f5 Kxf5 0-1

[Event "Condom op 10th"]
[Site "Condom"]
[Date "2010.??.??"]
[Round "9.11"]
[White "Lebraud, Eric"]
[Black "Marciniak, Alexandre"]
[Result "0-1"]
[WhiteElo "2018"]
[BlackElo "2177"]
[PlyCount "26"]
[EventDate "2010.07.??"]
[EventType "swiss"]
[EventRounds "9"]
[EventCountry "FRA"]
[WhiteTeamCountry "FRA"]
[BlackTeamCountry "FRA"]

1. d4 e6 2. c4 Nf6 3. Nc3 Bb4 4. Qc2 d5 5. a3 Bxc3+ 6. Qxc3 Ne4 7. Qc2 Nc6 8.
Nf3 e5 9. dxe5 Bf5 10. Qb3 dxc4 11. Qxc4 O-O 12. g3 Na5 13. Qd4 Nb3 0-1

[Event "Condom op 10th"]
[Site "Condom"]
[Date "2010.??.??"]
[Round "5.28"]
[White "Lebraud, Eric"]
[Black "Ranc, Florian"]
[Result "1-0"]
[WhiteElo "2018"]
[BlackElo "1815"]
[PlyCount "83"]
[EventDate "2010.07.??"]
[EventType "swiss"]
[EventRounds "9"]
[EventCountry "FRA"]
[WhiteTeamCountry "FRA"]
[BlackTeamCountry "FRA"]

1. d4 Nf6 2. c4 d6 3. Nc3 g6 4. e4 Bg7 5. Nf3 O-O 6. Be2 c5 7. d5 Na6 8. O-O
Nc7 9. h3 a6 10. a4 Bd7 11. Qc2 Rb8 12. Bd2 b5 13. axb5 axb5 14. cxb5 Nxb5 15.
Nxb5 Bxb5 16. Bxb5 Rxb5 17. Bc3 Qb6 18. Ra2 Rb8 19. Rfa1 Rb3 20. Nd2 Rb5 21.
Nc4 Qd8 22. Na5 Qd7 23. Nc6 R8b7 24. Ra8+ Ne8 25. Rd8 Qxd8 26. Nxd8 Rb8 27. Nc6
Rxb2 28. Bxb2 Rxb2 29. Qa4 Kf8 30. Qa7 Bf6 31. Qd7 c4 32. Rc1 c3 33. Rxc3 Bxc3
34. Qxe7+ Kg7 35. Qxe8 Be1 36. Kf1 Bxf2 37. Nd8 Bb6 38. Qxf7+ Kh6 39. Qf8+ Kg5
40. Ne6+ Kh5 41. g4+ Kh4 42. Qf6+ 1-0

[Event "Condom op 10th"]
[Site "Condom"]
[Date "2010.??.??"]
[Round "3.10"]
[White "Lebraud, Eric"]
[Black "Velten, Paul"]
[Result "0-1"]
[WhiteElo "2018"]
[BlackElo "2222"]
[PlyCount "54"]
[EventDate "2010.07.??"]
[EventType "swiss"]
[EventRounds "9"]
[EventCountry "FRA"]
[WhiteTeamCountry "FRA"]
[BlackTeamCountry "FRA"]

1. d4 d5 2. c4 dxc4 3. Nf3 Nf6 4. e3 Bg4 5. Bxc4 e6 6. O-O a6 7. h3 Bh5 8. Be2
Nc6 9. Nc3 Bd6 10. e4 Bxf3 11. Bxf3 Nxd4 12. Be3 Nxf3+ 13. Qxf3 O-O 14. Rfd1
Qe7 15. Rd2 Be5 16. Rad1 Rfd8 17. Bc5 Qe8 18. Bd4 Bxd4 19. Rxd4 Rxd4 20. Rxd4
Rd8 21. Qd3 Rd7 22. e5 Qd8 23. Rxd7 Qxd7 24. Qe3 Nd5 25. Ne4 Qa4 26. Qg5 h6 27.
Nc3 Qb4 0-1

[Event "2eme Open Tarn Nord"]
[Site "Blaye les Mines"]
[Date "2010.??.??"]
[Round "2.5"]
[White "Lefevre, Gerard"]
[Black "De Biasi, Robert"]
[Result "0-1"]
[WhiteElo "1920"]
[BlackElo "1844"]
[PlyCount "76"]
[EventDate "2006.??.??"]
[EventType "swiss"]
[EventRounds "7"]
[EventCountry "FRA"]
[WhiteTeamCountry "FRA"]
[BlackTeamCountry "FRA"]

1. d4 Nf6 2. c4 e6 3. Nc3 Bb4 4. Qc2 c5 5. Nf3 b6 6. Bd2 Bb7 7. a3 Bxc3 8. Bxc3
Ne4 9. dxc5 Nxc3 10. Qxc3 O-O 11. cxb6 axb6 12. e3 Nc6 13. Be2 Rc8 14. b4 Qe7
15. O-O d6 16. Qb2 f5 17. Rfd1 Rf6 18. Nd4 e5 19. Nb5 Rd8 20. Bf3 e4 21. Be2
Rg6 22. Nd4 Qg5 23. Bf1 Ne5 24. g3 f4 25. Qd2 fxg3 26. fxg3 Rf8 27. Be2 Nf3+
28. Bxf3 exf3 29. Qf2 Re8 30. Re1 h5 31. Nxf3 Qg4 32. Nd4 Qe4 33. Qf3 Qxf3 34.
Nxf3 Bxf3 35. Ra2 h4 36. Kf2 Rf8 37. Rg1 Bd5+ 38. Ke1 Bxc4 0-1

[Event "2eme Open Tarn Nord"]
[Site "Blaye les Mines"]
[Date "2010.??.??"]
[Round "4.7"]
[White "Lefevre, Gerard"]
[Black "Schegerin, Andre"]
[Result "0-1"]
[WhiteElo "1920"]
[BlackElo "1880"]
[PlyCount "88"]
[EventDate "2006.??.??"]
[EventType "swiss"]
[EventRounds "7"]
[EventCountry "FRA"]
[WhiteTeamCountry "FRA"]
[BlackTeamCountry "FRA"]

1. d4 f5 2. f4 Nf6 3. Nf3 b6 4. c4 e6 5. Nc3 Bb4 6. Bd2 O-O 7. a3 Bxc3 8. Bxc3
Bb7 9. g3 Ng4 10. Qd2 d6 11. Bg2 Qe8 12. b3 Nd7 13. Bb2 Ndf6 14. O-O Rd8 15. d5
exd5 16. Bxf6 Nxf6 17. Nd4 Ne4 18. Qc2 c5 19. Nf3 d4 20. Rae1 Qd7 21. e3 dxe3
22. Rxe3 a6 23. Rd1 Qc7 24. Nd2 d5 25. Nxe4 dxe4 26. Bf1 Rd6 27. Be2 Rfd8 28.
Kf2 Qd7 29. Ke1 Rxd1+ 30. Bxd1 Qd4 31. Ke2 b5 32. h3 bxc4 33. Qxc4+ Bd5 34. Qc2
c4 35. b4 Bf7 36. g4 Be6 37. gxf5 Bxf5 38. Rc3 e3 39. Qc1 Bd3+ 40. Kf3 Qe4+ 41.
Kg3 Rd6 42. Bg4 Rd4 43. Rxd3 Qxf4+ 44. Kg2 Rxd3 0-1

[Event "LUCOPEN 01st Op"]
[Site "Lille"]
[Date "2010.??.??"]
[Round "4.63"]
[White "Lemesre, Jules"]
[Black "Richard, Emma"]
[Result "0-1"]
[WhiteElo "1280"]
[BlackElo "2116"]
[PlyCount "76"]
[EventDate "2010.04.??"]
[EventType "swiss"]
[EventRounds "7"]
[EventCountry "FRA"]
[WhiteTeamCountry "FRA"]
[BlackTeamCountry "FRA"]

1. e4 c5 2. d4 cxd4 3. Qxd4 Nc6 4. Qd2 Nf6 5. Nc3 e6 6. Bb5 Bb4 7. a3 Nxe4 8.
Qe3 Bxc3+ 9. bxc3 d5 10. Nf3 Qa5 11. Rb1 Qxc3+ 12. Bd2 Qxe3+ 13. Bxe3 Bd7 14.
O-O O-O 15. Bxc6 Bxc6 16. Ne5 Rfc8 17. Nxc6 bxc6 18. f3 Nd6 19. Bf4 Nb5 20. g4
Nxa3 21. Rbc1 a5 22. Rfd1 a4 23. Rd3 Nc4 24. Rd4 a3 25. Ra1 e5 26. Rxc4 dxc4
27. Bxe5 Re8 28. Bc3 Re3 29. Bd4 Rxf3 30. Kg2 Rf4 31. Bc5 a2 32. Bd6 Rd4 33.
Be5 Rd2+ 34. Kg3 Rxc2 35. h4 f6 36. Bd4 g5 37. Bxf6 Ra3+ 38. Bc3 Raxc3# 0-1

[Event "Mulhouse 2010 - IM"]
[Site "Mulhouse"]
[Date "2010.??.??"]
[Round "4.3"]
[White "Lerch, Patrice"]
[Black "Bensdorp, Marlies"]
[Result "0-1"]
[WhiteElo "2334"]
[BlackElo "2309"]
[PlyCount "102"]
[EventDate "2010.07.??"]
[EventType "tourn"]
[EventCountry "FRA"]
[EventCategory "4"]
[WhiteTeamCountry "FRA"]
[BlackTeamCountry "FRA"]

1. e4 e5 2. Nf3 Nc6 3. Bc4 Bc5 4. O-O Nf6 5. d3 a6 6. Nbd2 O-O 7. Bb3 Ba7 8.
Nc4 d6 9. Bg5 h6 10. Bh4 Bg4 11. h3 Bxf3 12. Qxf3 Nd4 13. Qd1 Nxb3 14. axb3 Qe7
15. Qf3 g5 16. Bg3 Ne8 17. Ne3 Bxe3 18. fxe3 Ng7 19. Be1 Rae8 20. Ba5 Qd7 21.
Qg4 Qxg4 22. hxg4 c6 23. Rf3 Re6 24. Raf1 Ne8 25. Kh2 Kg7 26. Bd8 f6 27. c4 Kg6
28. Kg3 Ng7 29. Bc7 h5 30. gxh5+ Nxh5+ 31. Kg4 Rf7 32. Ba5 Re8 33. Rh3 Ng7 34.
Rfh1 Rd7 35. Rh6+ Kf7 36. Rf1 Re6 37. Bc3 Rd8 38. Kg3 d5 39. d4 dxe4 40. dxe5
f5 41. Rfh1 Rg6 42. Rh8 Rxh8 43. Rxh8 Re6 44. Rb8 Re7 45. Bb4 Rd7 46. Rf8+ Kg6
47. Rf6+ Kh7 48. e6 Nh5+ 49. Kf2 Nxf6 50. exd7 Nxd7 51. g4 Ne5 0-1

[Event "Mulhouse 2010 - IM"]
[Site "Mulhouse"]
[Date "2010.??.??"]
[Round "2.1"]
[White "Lerch, Patrice"]
[Black "Nass, Emile"]
[Result "1-0"]
[WhiteElo "2334"]
[BlackElo "2247"]
[PlyCount "45"]
[EventDate "2010.07.??"]
[EventType "tourn"]
[EventCountry "FRA"]
[EventCategory "4"]
[WhiteTeamCountry "FRA"]
[BlackTeamCountry "FRA"]

1. e4 e6 2. Nf3 d5 3. e5 Bd7 4. a3 f6 5. b4 Nh6 6. c4 Nf7 7. d4 c6 8. Ra2 b5 9.
cxb5 cxb5 10. Nc3 a6 11. Bd3 Nc6 12. O-O Be7 13. Re1 O-O 14. Qc2 g6 15. Bxg6
hxg6 16. Qxg6+ Kh8 17. Bh6 Nxh6 18. Qxh6+ Kg8 19. Qg6+ Kh8 20. Re3 fxe5 21.
Nxe5 Nxe5 22. Qh5+ Kg8 23. Rg3+ 1-0

[Event "Mulhouse 2010 - IM"]
[Site "Mulhouse"]
[Date "2010.??.??"]
[Round "6.2"]
[White "Lerch, Patrice"]
[Black "Sanduleac, Vasile"]
[Result "1/2-1/2"]
[WhiteElo "2334"]
[BlackElo "2457"]
[PlyCount "25"]
[EventDate "2010.07.??"]
[EventType "tourn"]
[EventCountry "FRA"]
[EventCategory "4"]
[WhiteTeamCountry "FRA"]
[BlackTeamCountry "FRA"]

1. e4 g6 2. Nc3 Bg7 3. g3 d6 4. Bg2 Nc6 5. d3 e5 6. Nge2 Nge7 7. O-O O-O 8. Bg5
Be6 9. Qd2 Qd7 10. Nd5 f6 11. Be3 Bf7 12. c4 Nxd5 13. cxd5 1/2-1/2

[Event "Condom op 10th"]
[Site "Condom"]
[Date "2010.??.??"]
[Round "1.38"]
[White "Levers, Thierry"]
[Black "Gallas, Gautier"]
[Result "1-0"]
[WhiteElo "1946"]
[BlackElo "1508"]
[PlyCount "51"]
[EventDate "2010.07.??"]
[EventType "swiss"]
[EventRounds "9"]
[EventCountry "FRA"]
[WhiteTeamCountry "FRA"]
[BlackTeamCountry "FRA"]

1. d4 d5 2. Nf3 Nf6 3. Bf4 Bf5 4. e3 e6 5. Bd3 Bg6 6. O-O Nc6 7. Ne5 Bd6 8.
Nxc6 bxc6 9. Bg5 Bh5 10. Bxf6 Bxd1 11. Bxd8 Bxc2 12. Bxc2 Rxd8 13. Nc3 Rb8 14.
Na4 O-O 15. Rfc1 c5 16. dxc5 Be5 17. Rab1 Rb4 18. a3 Rc4 19. f4 Bf6 20. b3 Rc3
21. Nxc3 Bxc3 22. Bxh7+ Kxh7 23. Rxc3 c6 24. b4 Rb8 25. a4 a5 26. b5 1-0